Statistics for World Capitals Closest to the Prime Meridian

Click here to take the quiz!

General Stats

  • This quiz has been taken 155 times
  • The average score is 13 of 20

Answer Stats

DistanceCapital City% Correct
0°08London
97%
2°21Paris
90%
3°41Madrid
83%
3°13Algiers
77%
4°21Brussels
77%
4°54Amsterdam
76%
6°50Rabat
74%
6°16Dublin
70%
0°12Accra
67%
6°07Luxembourg
64%
7°25Monaco
58%
1°13Lomé
57%
1°30Andorra la Vella
56%
7°27Bern
54%
2°06Niamey
52%
1°32Ouagadougou
50%
2°36Porto-Novo
49%
6°41São Tomé
42%
5°17Yamoussoukro
42%
2°26Cotonou
16%

Score Distribution

Percentile by Number Answered

Percent of People with Each Score

Your Score History

You have not taken this quiz